Биология: Справочник школьника и студента; пер. с нем.

গ্রন্থ-পঞ্জীর বিবরন
অন্যান্য লেখক: Брем З. Зигфрид (редактор), Мейнке И. Ирмтраут
ভাষা:রুশ
প্রকাশিত: Москва, Дрофа, 2000
সংস্করন:2-е изд., стереотип.
বিষয়গুলি:
বিন্যাস: গ্রন্থ
KOHA link:https://koha.lib.tpu.ru/cgi-bin/koha/opac-detail.pl?biblionumber=57187

MARC

LEADER 00000nam0a2200000 4500
001 57187
005 20231031054117.0
010 |a 5710733121 
035 |a (RuTPU)RU\TPU\book\60322 
090 |a 57187 
100 |a 20031024d2000 m y0rusy50 ca 
101 1 |a rus 
102 |a RU 
105 |a a g 001zy 
200 1 |a Биология  |e Справочник школьника и студента  |e пер. с нем.  |f Под ред. З. Брема и И. Мейнке 
205 |a 2-е изд., стереотип. 
210 |a Москва  |c Дрофа  |d 2000 
215 |a 397 с.  |c ил. 
320 |a Предметный указатель: с. 382-396 
610 1 |a биология 
610 1 |a организмы 
610 1 |a клетки 
610 1 |a иммунобиология 
610 1 |a энергетический обмен 
610 1 |a обмен веществ 
610 1 |a раздражение 
610 1 |a движение 
610 1 |a размножение 
610 1 |a индивидуальное развитие 
610 1 |a поведение 
610 1 |a эволюция 
610 1 |a генетика 
610 1 |a окружающая среда 
610 1 |a справочники 
675 |a 573(035)  |v 3 
702 1 |a Брем  |b З.  |g Зигфрид  |4 340 
702 1 |a Мейнке  |b И.  |g Ирмтраут  |4 340 
801 1 |a RU  |b 63413507  |c 20031024  |g PSBO 
801 2 |a RU  |b 63413507  |c 20031120  |g PSBO 
942 |c BK